Drapeaux des comtés d'Albanie - Statistiques

Statistiques générales
  • Ce quiz a été pris 18 fois
  • Le résultat moyen est 9 sur 11
Statistiques - réponses
Par images Réponse % Correct
Durrës
100%
Lezhë
100%
Tirana
100%
Vlöre
100%
Elbasan
93%
Fier
93%
Dibër
86%
Shkoder
86%
Kukës
79%
Korçë
57%
Berat
50%
Aucun quiz correspondant
Distribution des résultats
% des personnes avec chaque résultat
Percentile par nombre de réponses
Votre historique - résultats
Vous n’avez pas pris ce quiz